[Event "Belgrade Trako"]
[Site "Belgrade"]
[Date "1993.??.??"]
[Round "7"]
[White "Zontakh, Andrey"]
[Black "Paulic, Branko"]
[Result "1-0"]
[WhiteElo "2455"]
[BlackElo "2250"]

1.e4 e6 2.d4 d5 3.Nc3 Bb4 4.e5 Ne7 5.a3 Bxc3+ 6.bxc3 c5 7.h4 Nbc6 8.h5 h6
9.Qg4 Nf5 10.Bd3 O-O 11.Bxf5 exf5 12.Qg3 Kh8 13.Ne2 Re8 14.O-O b6 15.Rd1 cxd4
16.cxd4 Na5 17.a4 Be6 18.Rd3 Rc8 19.c3 Rc4 20.Bf4 Qe7 21.Qh3 Rec8 22.Kh2 Bd7
23.Rg3 Be6 24.Rf3 Qd7 25.Qh4 Qd8 26.Qh3 Nc6 27.Bd2 Nxe5 28.Rf4 Ng4+ 29.Kg1 Qg5
30.Be3 Qe7 31.Qg3 Kh7 32.Rf3 Bd7 33.Qf4 g5 34.hxg6+ fxg6 35.Rh3 g5 36.Qxg5 Qxg5
37.Bxg5 Re8 38.f3 Rxe2 39.fxg4 Kg6 40.Bf4 Re4 41.Rxh6+ Kg7 42.Rd6 Rxf4 43.Rxd7+ Kf6
44.gxf5 Rxf5 45.Rxa7 Rxc3 46.Ra6 Rc2 47.Rxb6+ Kg5 48.Rb8 Rff2 49.Rg8+ Kh6
50.Ra3 Kh7 51.Rg4 Rf6 52.a5 Rc1+ 53.Kh2 Rh6+ 54.Kg3 Ra6 55.Kf4 Re1 56.Rh3+ Rh6
57.Rxh6+ Kxh6 58.a6 Ra1 59.Ke5 Ra5 60.a7  1-0

[Event "Belgrade Trako"]
[Site "Belgrade"]
[Date "1993.??.??"]
[Round "12"]
[White "Damjanovic, Vladimir"]
[Black "Paulic, Branko"]
[Result "1/2-1/2"]
[WhiteElo "2320"]
[BlackElo "2250"]

1.e4 e6 2.d4 d5 3.Nc3 Bb4 4.e5 Ne7 5.a3 Bxc3+ 6.bxc3 c5 7.a4 b6 8.Bb5+ Bd7
9.Bd3 Qc7 10.Nf3 Nbc6 11.O-O h6 12.Re1 Na5 13.Nd2 h5 14.dxc5 bxc5 15.c4 dxc4
16.Nxc4 Nxc4 17.Bxc4 Bc6 18.Bg5 Rd8 19.Qe2 Rd4 20.f3 Nd5 21.Bxd5 Rxd5 22.c4 Rd7
23.Qf2 Rd4 24.Be3 Rxc4 25.Bxc5 Bxa4 26.Rec1 Qxe5 27.Bd6 Rxc1+ 28.Rxc1 Qxd6
29.Rc8+ Ke7 30.Rxh8 Qd1+ 31.Qf1 Qxf1+ 32.Kxf1 g6 33.Ra8 a6 34.Ra7+ Kf6 35.f4 Bb5+
36.Kf2 Bc4 37.Rc7 Bd5 38.g3 Bb3 39.Rc5 Bd5 40.Ke3 Kf5 41.Ra5 f6 42.Rxa6 g5
43.fxg5 Kxg5 44.Ra5 f5  1/2-1/2

[Event "Berliner Sommer"]
[Site "Berlin"]
[Date "1993.??.??"]
[Round "?"]
[White "Gurevich, Vladimir"]
[Black "Mandelkow, Helmut"]
[Result "1-0"]
[WhiteElo "2420"]
[BlackElo "2230"]

1.e4 e6 2.d4 d5 3.Nc3 Bb4 4.e5 Ne7 5.Bd2 c5 6.f4 a6 7.Nf3 Nbc6 8.dxc5 Bxc5
9.Bd3 b5 10.Qe2 Bd7 11.a3 Rc8 12.Nd1 Nf5 13.Nf2 O-O 14.O-O Ncd4 15.Nxd4 Nxd4
16.Qd1 a5 17.Kh1 Nf5 18.Qf3 Bc6 19.Qh3 Bxf2 20.Rxf2 g6 21.Re2 d4 22.Be1 Kg7
23.Bxf5 exf5 24.Bh4 f6 25.Bxf6+ Rxf6 26.exf6+ Qxf6 27.Rae1 Rc7 28.Re6 Qf7
29.Qd3 Be4 30.Qxd4+ Kh6 31.R6xe4 fxe4 32.Qd2 Kg7 33.Rxe4 Qa2 34.Qd4+ Kf7
35.h3 Qb1+ 36.Kh2 Qxc2 37.Qd5+ Kg7 38.Qe5+ Kf7 39.Re3 Qc6 40.Rc3  1-0

[Event "Berliner Sommer"]
[Site "Berlin"]
[Date "1993.??.??"]
[Round "2"]
[White "Hector, Jonny"]
[Black "Sorensen, Jan"]
[Result "1-0"]
[WhiteElo "2500"]
[BlackElo "2395"]

1.e4 e6 2.d4 d5 3.Nc3 Bb4 4.e5 Ne7 5.Bd2 c5 6.a3 Bxc3 7.Bxc3 Nbc6 8.Nf3 cxd4
9.Nxd4 Nxe5 10.Nxe6 Bxe6 11.Bxe5 O-O 12.Bd3 Nc6 13.Bg3 Qf6 14.O-O Qxb2 15.Rb1 Qxa3
16.Rxb7 Qc5 17.Qh5 h6 18.Kh1 Nb4 19.Be2 a5 20.Rc7 Qb6 21.c3 Nc6 22.Bd3 Rfc8
23.Rxc8+ Rxc8 24.f4 f6 25.Rb1 Qa7 26.Re1 Qf7 27.Bg6 Qd7 28.Bb1 Ne7 29.Qe2 Kf7
30.Bf2 Rxc3 31.Qh5+ Kf8 32.Bd4 Rc4 33.Bxf6 Rxf4 34.Bc3 Qb5 35.Qd1 Qc4 36.Ba2  1-0

[Event "Berliner Sommer"]
[Site "Berlin"]
[Date "1993.??.??"]
[Round "8"]
[White "Shmuter, Leonid"]
[Black "Wirschell, Taco"]
[Result "1-0"]
[WhiteElo "2455"]
[BlackElo "2380"]

1.e4 e6 2.d4 d5 3.Nc3 Bb4 4.e5 Ne7 5.a3 Bxc3+ 6.bxc3 c5 7.Qg4 Qc7 8.Qxg7 Rg8
9.Qxh7 cxd4 10.Ne2 Nbc6 11.f4 dxc3 12.Qd3 d4 13.Nxd4 Nxd4 14.Qxd4 Bd7 15.Rg1 O-O-O
16.Qxa7 Qc6 17.Be3 Be8 18.Rb1 Nd5 19.Rxb7 Nc7 20.Rb8+ Kd7 21.Bb5  1-0

[Event "Biel op"]
[Site "Biel"]
[Date "1993.??.??"]
[Round "1"]
[White "Golubev, Mihail"]
[Black "Leuba, Didier"]
[Result "1-0"]
[WhiteElo "2500"]
[BlackElo "2285"]

1.e4 e6 2.d4 d5 3.Nc3 Bb4 4.e5 Ne7 5.a3 Bxc3+ 6.bxc3 c5 7.Nf3 Bd7 8.Be2 Ba4
9.O-O Qc7 10.Bg5 h6 11.Bxe7 Qxe7 12.c4 O-O 13.cxd5 exd5 14.dxc5 Qxc5 15.Bd3 Nd7
16.Qd2 Nb6 17.Qf4 Rfe8 18.Nd4 Bd7 19.Nf5 Bxf5 20.Qxf5 g6 21.Qf4 Qe7 22.Rae1 Kg7
23.Re3 Rac8 24.Rfe1 Nc4 25.Rh3 h5 26.e6 Qf6 27.Qxf6+ Kxf6 28.Rf3+ Kg5 29.Rxf7 Nd6
30.Re5+ Kh6 31.Rd7 Nc4 32.Re2 Nxa3 33.h4 Nc4 34.Rxd5 Nb6 35.Rg5 Rg8 36.e7  1-0

[Event "Biel op"]
[Site "Biel"]
[Date "1993.??.??"]
[Round "1"]
[White "Tseshkovsky, Vitaly"]
[Black "Wolf, A."]
[Result "1-0"]
[WhiteElo "2495"]
[BlackElo "2285"]

1.e4 e6 2.d4 d5 3.Nc3 Bb4 4.e5 Ne7 5.a3 Bxc3+ 6.bxc3 c5 7.Qg4 Kf8 8.a4 Nbc6
9.Nf3 cxd4 10.cxd4 Qc7 11.Bd3 Nb4 12.O-O Nxc2 13.Bxc2 Qxc2 14.Ba3 Qg6 15.Qh4 f6
16.Rac1 Ke8 17.Rc7 Nc6 18.exf6 gxf6 19.Ne5 fxe5 20.Re7+  1-0

[Event "Budapest FS02 IM"]
[Site "Budapest"]
[Date "1993.??.??"]
[Round "?"]
[White "Wegener, Dirk"]
[Black "Panzer, Peter"]
[Result "0-1"]
[WhiteElo "2305"]
[BlackElo "2330"]

1.e4 e6 2.d4 d5 3.Nc3 Bb4 4.e5 b6 5.a3 Bf8 6.Bb5+ Bd7 7.Bd3 c5 8.f4 Nc6 9.Nf3 g6
10.Be3 h5 11.Bf2 Be7 12.O-O Nh6 13.Qe1 Ng4 14.Rc1 Nxf2 15.Qxf2 a6 16.Kh1 c4
17.Be2 b5 18.g3 Qb6 19.h3 a5 20.Kg2 b4 21.axb4 axb4 22.Nd1 Ra2 23.g4 hxg4
24.hxg4 f5 25.exf6 Bxf6 26.c3 bxc3 27.bxc3 Be7 28.Ne3 Qc7 29.Ne5 Nxe5 30.dxe5 d4
31.cxd4 Bc6+ 32.d5 exd5 33.Rc2 d4+ 34.Bf3 dxe3 35.Qe2 Bxf3+ 36.Rxf3 Rxc2
37.Qxc2 Qc6 38.Qe2 c3 39.Qc2 Rh3  0-1

[Event "Budapest FS02 GM"]
[Site "Budapest"]
[Date "1993.??.??"]
[Round "?"]
[White "Lengyel, Bela"]
[Black "Farago, Ivan"]
[Result "1/2-1/2"]
[WhiteElo "2350"]
[BlackElo "2510"]

1.e4 e6 2.d4 d5 3.Nc3 Bb4 4.e5 Ne7 5.Nf3 c5 6.a3 Bxc3+ 7.bxc3 Bd7 8.a4 Qa5
9.Bd2 Nbc6 10.Bd3 f6 11.O-O fxe5 12.Nxe5 Nxe5 13.dxe5 c4 14.Be2 O-O 15.Qc1 Qc7
16.Bf4 Be8 17.Bg4 Qd7 18.a5 Bg6 19.Be3 Bf5 20.Be2 Qc7 21.g4 Bg6 22.f4 Be4
23.Ra2 Ng6 24.Qe1 Rf7 25.Qg3 Raf8 26.h4 Nxe5 27.fxe5 Rxf1+ 28.Bxf1 Rf3 29.Qe1 Qxe5
30.Bf2 Qf4 31.Bg2 Qxg4 32.Kh2 Rxc3 33.Bg3 Bxg2 34.Qxc3 Qh3+ 35.Kg1 Be4 36.Kf2 Qg2+
37.Ke1 d4 38.Qxd4 Qxg3+ 39.Kd2 Bd5 40.Ra4 a6 41.Ra1 Qc7 42.Kc3 h6 43.Kb2 Qd6
44.Rg1 e5 45.Qd2 Qe6 46.Rd1 Bf3 47.Qd8+ Kh7 48.Rd6 Qf5 49.Qe7 e4 50.Rd7 c3+
51.Kxc3 Qxa5+ 52.Kb2 Qb6+ 53.Kc3 Qg1 54.Qf8 Qg6 55.Rd8 Qc6+ 56.Kd4 Qb6+ 57.Kc3 Qe6
58.Re8 Qd5 59.Rd8 Qe5+ 60.Kb3 e3 61.h5 Bxh5 62.Qg8+ Kg6 63.Re8 Qb5+ 64.Kc3 Qc5+
65.Kd3 Bg4 66.Rxe3 Bf5+ 67.Ke2 Qxc2+ 68.Kf3 h5 69.Qe8+  1/2-1/2

[Event "Budapest FS09 IM-B"]
[Site "Budapest"]
[Date "1993.??.??"]
[Round "?"]
[White "Henris, Luc"]
[Black "Portisch, Ferenc"]
[Result "1/2-1/2"]
[WhiteElo "2270"]
[BlackElo "2405"]

1.e4 e6 2.d4 d5 3.Nc3 Bb4 4.e5 Ne7 5.a3 Bxc3+ 6.bxc3 c5 7.Qg4 cxd4 8.cxd4 Qc7
9.Bd2 Qxc2 10.Qxg7 Rg8 11.Qh6 Qb2 12.Rc1 Qxd4 13.Qxh7 Qxe5+ 14.Ne2 Nbc6 15.h4 d4
16.Rh3 Bd7 17.Qb1 b6 18.h5 Qf5 19.Qxf5 Nxf5 20.h6 f6 21.Nf4 Kf7 22.Be2 Rh8
23.Bh5+ Kg8 24.Bf3 Rc8 25.Bxc6 Rxc6 26.Rxc6 Bxc6 27.Nxe6 Bxg2 28.Rh5 Kf7
29.Rxf5 Kxe6 30.Rh5 Be4 31.Ke2 Rh7 32.f3 Bf5 33.Rh1 Kd5 34.Rc1 Re7+ 35.Kf2 a5
36.Bf4  1/2-1/2

[Event "Budapest FS06 GM"]
[Site "Budapest"]
[Date "1993.??.??"]
[Round "1"]
[White "Almasi, Istvan"]
[Black "Blauert, Joerg"]
[Result "1-0"]
[WhiteElo "2385"]
[BlackElo "2395"]

1.e4 e6 2.d4 d5 3.Nc3 Bb4 4.e5 Ne7 5.a3 Bxc3+ 6.bxc3 c5 7.a4 Qa5 8.Qd2 b6
9.Ba3 Qxa4 10.Nf3 Qc6 11.Qg5 Ng6 12.dxc5 bxc5 13.h4 h6 14.Qg3 O-O 15.Bd3 Ba6
16.Bxg6 fxg6 17.Qxg6 Rf7 18.Ng5 hxg5 19.hxg5 Kf8 20.Qh7 Qb5 21.O-O-O Nd7
22.g6 Qa4 23.gxf7 Qxa3+ 24.Kd2 Nb6 25.Rh3 Ke7 26.Qxg7 Rf8 27.Qf6+ Kd7 28.Qg7 Ke7
29.Qf6+ Kd7 30.f4 Qa4 31.Rh6 Qc6 32.f5 Nc4+ 33.Ke1 d4 34.Qxe6+ Qxe6 35.fxe6+ Ke7
36.Ra1  1-0

[Event "Budapest FS12 IM-A"]
[Site "Budapest"]
[Date "1993.??.??"]
[Round "2"]
[White "Toh, Terry"]
[Black "Kecskes, Gabor"]
[Result "1-0"]
[WhiteElo "2300"]
[BlackElo "2220"]

1.e4 e6 2.d4 d5 3.Nc3 Bb4 4.e5 Ne7 5.Bd2 c5 6.Nb5 Bxd2+ 7.Qxd2 O-O 8.Nf3 Nbc6
9.c3 a6 10.Nd6 cxd4 11.cxd4 f6 12.Nxc8 Rxc8 13.exf6 Rxf6 14.Be2 Ng6 15.O-O Qd6
16.g3 Rcf8 17.Kg2 e5 18.dxe5 Ngxe5 19.Nxe5 Qxe5 20.f4 Qd6 21.Bf3 Rd8 22.Rac1 Ne7
23.Rfe1 Re6 24.Rxe6 Qxe6 25.Re1 Qd6 26.Re5 g6 27.Qd4 Re8 28.Kh3 Rd8 29.Kg2 Rc8
30.Rxe7  1-0

[Event "Budapest FS11 GM"]
[Site "Budapest"]
[Date "1993.??.??"]
[Round "2"]
[White "Lengyel, Bela"]
[Black "Hamdouchi, Hichem"]
[Result "0-1"]
[WhiteElo "2420"]
[BlackElo "2455"]

1.e4 e6 2.d4 d5 3.Nc3 Bb4 4.e5 b6 5.Qg4 Bf8 6.Nf3 Qd7 7.Qh3 Ba6 8.Bxa6 Nxa6
9.O-O Nb4 10.Ne1 c5 11.Be3 cxd4 12.Bxd4 Rc8 13.Rd1 Nc6 14.Ne2 Nge7 15.c3 Na5
16.Nd3 g6 17.Be3 Bg7 18.Bg5 O-O 19.Bf6 Rfe8 20.f4 Qa4 21.a3 Bf8 22.Nd4 Nec6
23.Nf3 h6 24.f5 exf5 25.b4 Nc4 26.Qg3 Ne3 27.Nf4 Ng4 28.Nxd5 Bg7 29.h3 Ngxe5
30.Nh4 f4 31.Qxf4 Re6 32.Bxg7 Kxg7 33.Qg3 Kh7 34.Rd2 Qxa3 35.Nf6+ Rxf6 36.Rxf6 Qc1+
37.Kh2 Qxd2 38.Rxf7+ Nxf7 39.Qxg6+ Kh8 40.Qxf7 Qd6+ 41.Kh1 Ne5  0-1

[Event "Budapest FS09 GM"]
[Site "Budapest"]
[Date "1993.??.??"]
[Round "3"]
[White "Afek, Yochanan"]
[Black "Soffer, Ram"]
[Result "1-0"]
[WhiteElo "2430"]
[BlackElo "2450"]

1.e4 e6 2.d4 d5 3.Nc3 Bb4 4.e5 Ne7 5.a3 Bxc3+ 6.bxc3 c5 7.a4 Nbc6 8.Qg4 Qc7
9.Ra3 cxd4 10.cxd4 Nb4 11.c3 Nc2+ 12.Kd2 Nxa3 13.Bxa3 O-O 14.Nf3 f5 15.Qh4 Ng6
16.Qh5 Bd7 17.Ng5 h6 18.Qxg6 hxg5 19.Bxf8 Rxf8 20.Bb5 Rc8 21.Rc1 a6 22.Bxd7 Qxd7
23.a5 g4 24.Rb1 Qc6 25.Rb3 Kf8 26.Ke3 Rc7 27.Kf4 b5 28.axb6 Rb7 29.Qg5 Ke8
30.Qh5+ Kd8 31.Qh4+ Kd7 32.Qh8 Qc8 33.Qxg7+ Kc6 34.Qf6 Rxb6 35.Ra3 Rb2 36.Ra5 Rb5
37.Ra2 Kb6 38.Qe7 a5 39.Ra3 Ka6 40.h4 gxh3 41.gxh3 Qg8 42.f3 Qh8 43.h4 Qh6+
44.Qg5 Qf8 45.Ra2 Rb7 46.h5 Rg7 47.Qf6 Qg8 48.Ke3 f4+ 49.Qxf4 Rg1 50.Qf6 Re1+
51.Kf4 Rg1 52.Re2 Rh1 53.h6 Rh5 54.Rg2 Qxg2 55.Qxe6+ Kb5 56.Qe8+ Kc4 57.Qxh5 Qd2+
58.Kf5 Qd3+ 59.Kf6 Qh7  1-0

[Event "Spring op"]
[Site "Budapest"]
[Date "1993.??.??"]
[Round "6"]
[White "Fogarasi, Tibor"]
[Black "Kupper, Patrick"]
[Result "0-1"]
[WhiteElo "2395"]
[BlackElo "2265"]

1.e4 e6 2.d4 d5 3.Nc3 Bb4 4.e5 Qd7 5.h4 b6 6.h5 h6 7.Qg4 Bf8 8.Bb5 c6 9.Ba4 a5
10.a3 Ba6 11.Nce2 Ne7 12.c3 Bd3 13.Nf4 Bh7 14.Qe2 b5 15.Bd1 a4 16.Nf3 Nc8
17.g4 Be4 18.Rg1 Bxf3 19.Qxf3 Be7 20.Nh3 c5 21.g5 Nc6 22.gxh6 gxh6 23.Rg4 Nb6
24.Bc2 Nc4 25.Qg3 O-O-O 26.b3 axb3 27.Bxb3 cxd4 28.cxd4 f5 29.Rf4 Bg5 30.Nxg5 Rdg8
31.Rh4 hxg5 32.Bxg5 Qg7 33.f4 Nxd4 34.Qc3 Qa7 35.Bd1 Kd7 36.Qg3 Qa5+ 37.Kf1 Nd2+
38.Kg2 Rc8 39.Rh1 Rc3 40.Qf2 Rd3 41.Ra2 Nc4 42.Be2 Ne3+ 43.Kg1 Nxe2+ 44.Qxe2 Rd1+
45.Kh2 Ng4+ 46.Kg2 Rxh1 47.Kxh1 Rxh5+ 48.Kg1 Qb6+  0-1

[Event "Budapest FS03 IM"]
[Site "Budapest"]
[Date "1993.??.??"]
[Round "7"]
[White "Armanda, Ivica"]
[Black "Portisch, Ferenc"]
[Result "0-1"]
[WhiteElo "2285"]
[BlackElo "2400"]

1.e4 e6 2.d4 d5 3.Nc3 Bb4 4.e5 Ne7 5.a3 Bxc3+ 6.bxc3 c5 7.Nf3 Qa5 8.Bd2 Nbc6
9.Bd3 Bd7 10.O-O c4 11.Be2 h6 12.a4 O-O-O 13.Qb1 f5 14.Qb5 Qxb5 15.axb5 Nb8
16.Rfb1 a6 17.bxa6 Nxa6 18.Bc1 g5 19.Ba3 Ng6 20.Bd6 Bc6 21.g3 Kd7 22.Rb6 Ra8
23.Nd2 Ne7 24.Rab1 Ra7 25.Bxe7 Kxe7 26.g4 fxg4 27.Bxg4 Nc7 28.Bf3 Kd7 29.Nf1 Rha8
30.Ne3 Ra1 31.Kg2 Rxb1 32.Rxb1 Nb5 33.h4 Nxc3 34.Rh1 Rg8 35.Ng4 gxh4 36.Rxh4 Rg6
37.Kf1 Nb5 38.Nf6+ Kc7 39.Bh5 Rg7 40.Ne8+ Bxe8 41.Bxe8 Na3 42.c3 Nb1 43.Rh3 Nd2+
44.Ke2 Ne4 45.f4 Kd8 46.Ba4 Rg2+ 47.Ke1 Ra2 48.Bd1 Ra1 49.Rxh6 Nxc3 50.Kd2 Nxd1
51.Rxe6 c3+ 52.Kc2 Ne3+ 53.Kxc3 Ra6 54.Rxa6 bxa6 55.Kb4 Ke7 56.Kc5 Ke6  0-1

[Event "Spring op"]
[Site "Budapest"]
[Date "1993.??.??"]
[Round "9"]
[White "Pinkas, Karol"]
[Black "Kupper, Patrick"]
[Result "0-1"]
[WhiteElo "2355"]
[BlackElo "2265"]

1.e4 e6 2.d4 d5 3.Nc3 Bb4 4.e5 Qd7 5.Bd2 b6 6.a3 Bxc3 7.Bxc3 Ne7 8.Qg4 O-O
9.Bd3 Ba6 10.O-O-O c5 11.dxc5 bxc5 12.Nf3 Bxd3 13.Rxd3 Nbc6 14.Ng5 h6 15.Ne4 Ng6
16.Re1 Qc7 17.Nd6 d4 18.f4 dxc3 19.Rxc3 Nd4 20.h4 Rab8 21.h5 Ne7 22.Qd1 Nef5
23.Ne4 Rfd8 24.Kb1 Nb5 25.Rd3 Nxa3+ 26.Kc1 Nc4 27.b3 Rxd3 28.Qxd3 Qa5 29.Qc3 Qxc3
30.Nxc3 Nce3 31.Re2 Rb4 32.g3 a6 33.Kd2 Nf1+  0-1

[Event "Buenos Aires FMD op"]
[Site "Buenos Aires"]
[Date "1993.??.??"]
[Round "1"]
[White "Schweber, Samuel"]
[Black "Bosco, Ricardo"]
[Result "1-0"]
[WhiteElo "2350"]
[BlackElo "2235"]

1.e4 e6 2.d4 d5 3.Nc3 Bb4 4.e5 Ne7 5.a3 Bxc3+ 6.bxc3 b6 7.Qg4 Nf5 8.Bb5+ c6
9.Bd3 h5 10.Qh3 Ne7 11.g4 Ba6 12.Bxa6 Nxa6 13.Ne2 Kd7 14.gxh5 Qg8 15.Qd3 Nc7
16.Ng3 Qh7 17.Qxh7 Rxh7 18.h6 gxh6 19.Nh5 Ne8 20.Rg1 c5 21.dxc5 bxc5 22.Be3 Kc6
23.Rb1 Rd8 24.Rg4 Nf5 25.Ra4 d4 26.cxd4 cxd4 27.Bf4 Nfg7 28.Ng3 h5 29.Rc4+ Kd5
30.Rbb4 Nf5 31.Nxf5 Ke4 32.Nxd4  1-0

[Event "Cannes op"]
[Site "Cannes"]
[Date "1993.??.??"]
[Round "6"]
[White "Lanka, Zigurds"]
[Black "Lamoureux, Charles"]
[Result "0-1"]
[WhiteElo "2545"]
[BlackElo "2345"]

1.e4 e6 2.d4 d5 3.Nc3 Bb4 4.e5 Ne7 5.a3 Bxc3+ 6.bxc3 c5 7.Nf3 Qa5 8.Bd2 Nbc6
9.Be2 Bd7 10.O-O c4 11.Ng5 h6 12.Nh3 Ng6 13.Bh5 Nce7 14.a4 O-O-O 15.Qe1 f5
16.Bc1 Nf8 17.Ba3 Nc6 18.Bd6 Be8 19.Nf4 Bxh5 20.Nxh5 Rd7 21.Nf4 g5 22.Nh5 Nh7
23.h3 Rf7 24.Qd2 Qd8 25.g4 Nf8 26.f4 Ng6 27.fxg5 hxg5 28.Rf3 Rfh7 29.Raf1 Rxh5
30.gxh5 Rxh5 31.Qf2 Nh4 32.Rg3 Qh8 33.Qe2 Ng6 34.Qg2 Nh4 35.Qe2 Qh6 36.Rf2 Ng6
37.Rh2 Nf4 38.Qd2 Nxh3+ 39.Rhxh3 Rxh3 40.Rxh3 Qxh3 41.Qxg5 Qxc3 42.Qg8+ Nd8
43.Be7 Qxd4+  0-1

[Event "Capablanca mem-C"]
[Site "?"]
[Date "1993.??.??"]
[Round "3"]
[White "Hernandez, Yadira"]
[Black "Paneque, Pedro"]
[Result "0-1"]
[WhiteElo "2130"]
[BlackElo "2415"]

1.e4 e6 2.d4 d5 3.Nc3 Bb4 4.e5 Qd7 5.a3 Bxc3+ 6.bxc3 b6 7.Nf3 Ba6 8.Bxa6 Nxa6
9.Qd3 Nb8 10.a4 Ne7 11.O-O Nbc6 12.Ba3 Na5 13.Nd2 O-O 14.f4 Rac8 15.f5 exf5
16.Bxe7 Qxe7 17.Rxf5 c5 18.Rh5 g6 19.Rh3 Nc6 20.Re1 cxd4 21.Nf3 dxc3 22.Qxd5 Nd8
23.Nd4 Ne6 24.Nxe6 fxe6 25.Qe4 Qc5+ 26.Rhe3 Qc4 27.g3 Qxe4 28.Rxe4 Rcd8 29.Rc4 Rd2
30.Rxc3 Rff2 31.h4 Rg2+ 32.Kh1 Rh2+ 33.Kg1 Rdg2+ 34.Kf1 Rf2+ 35.Kg1 Rhg2+
36.Kh1 Kg7 37.Rd1 Rh2+ 38.Kg1 Rhg2+ 39.Kh1 Rh2+ 40.Kg1 Rfg2+ 41.Kf1 g5 42.h5 Rf2+
43.Kg1 Kh6 44.Rd7 Rhg2+ 45.Kh1 Kxh5 46.Rxh7+ Kg4 47.Rxa7 Rxc2 48.Rac7 Rxc3
49.Rxc3 Rxg3 50.Rc4+ Kh3 51.Rb4 Ra3 52.Kg1 g4 53.Rxb6 Ra1+ 54.Kf2 g3+ 55.Kf3 Ra3+
56.Kf4 Rxa4+  0-1

[Event "Capablanca mem-C"]
[Site "?"]
[Date "1993.??.??"]
[Round "12"]
[White "Hernandez, Yadira"]
[Black "Pecorelli Garcia, Humberto"]
[Result "1/2-1/2"]
[WhiteElo "2130"]
[BlackElo "2400"]

1.e4 e6 2.d4 d5 3.Nc3 Bb4 4.e5 Ne7 5.a3 Bxc3+ 6.bxc3 c5 7.h4 Qc7 8.Nf3 b6
9.h5 h6 10.a4 Ba6 11.Bxa6 Nxa6 12.Qd3 Nb8 13.Ba3 Nd7 14.O-O Rc8 15.Ra2 O-O
16.c4 dxc4 17.Qxc4 Rfe8 18.Rd1 Nd5 19.Rb2 cxd4 20.Qxd4 Qc3 21.Rd3 Qxd4 22.Rxd4 Rc3
23.Bb4 Nxb4 24.Rbxb4 Nc5 25.Rbc4 Rxc4 26.Rxc4 a5 27.Kf1 Rd8 28.Nd4 Rd5 29.f4 f6
30.exf6 gxf6 31.g4 Kf7 32.Ke2 Ke7  1/2-1/2

[Event "Cappelle op"]
[Site "Cappelle la Grande"]
[Date "1993.??.??"]
[Round "1"]
[White "Seitaj, Ilir"]
[Black "Makarycheva Ostrovskaya, M."]
[Result "1/2-1/2"]
[WhiteElo "2425"]
[BlackElo "2140"]

1.e4 e6 2.d4 d5 3.Nc3 Bb4 4.e5 Ne7 5.Bd2 c5 6.Nb5 Bxd2+ 7.Qxd2 cxd4 8.Nf3 Nbc6
9.Nd6+ Kf8 10.Qf4 Nf5 11.Nxf5 Qa5+ 12.c3 exf5 13.Nxd4 Nxd4 14.Qxd4 Be6 15.Be2 g6
16.O-O Kg7 17.Rfd1 Rhe8 18.Qh4 Qd8 19.Qxd8 Raxd8 20.f4 h6 21.Bf3 f6 22.exf6+ Kxf6
23.Rd4 Rd7 24.Rad1 Red8 25.Kf2 Bf7 26.Ke2 Ke6 27.b3 Rd6 28.Rb4 b6 29.Rdd4 R8d7  1/2-1/2

[Event "JUG-chT"]
[Site "Cetinje"]
[Date "1993.??.??"]
[Round "?"]
[White "Nikolin, Zorica"]
[Black "Todorovic, Violeta"]
[Result "1/2-1/2"]
[WhiteElo "2260"]
[BlackElo "2050"]

1.e4 e6 2.d4 d5 3.Nc3 Bb4 4.e5 Qd7 5.Bd2 b6 6.a3 Be7 7.Bb5 c6 8.Ba4 b5 9.Bb3 a5
10.Nce2 c5 11.c3 Nc6 12.Nf3 h5 13.Bg5 cxd4 14.Bxe7 Ngxe7 15.Nexd4 Ba6 16.O-O g6
17.Re1 O-O 18.Bc2 Kg7 19.Qd2 Nxd4 20.Nxd4 Nc6 21.Re3 Rac8 22.Bd3 Nxd4 23.cxd4 Qc7
24.Rf3 Qd8 25.Rf6 Rc6 26.Qg5 Qe8 27.h3 b4 28.Bxa6 Rxa6 29.axb4 Qb5 30.Rc1 Ra7
31.bxa5 Qxb2 32.Rf3 Qxd4 33.Qf6+ Kg8 34.Rc6 Qa1+ 35.Kh2 Qxa5 36.Rxe6 Qd8
37.Rd6 Rd7 38.Qxd8 Rfxd8 39.Rxd7 Rxd7 40.Rd3 Kf8 41.g4 hxg4 42.hxg4 Ke7 43.f4 Ke6
44.Kg3 d4 45.Kf3 Kd5 46.Ra3 Kc4 47.Ra6 Kd3 48.Rd6 Rc7 49.f5 gxf5 50.gxf5 Re7
51.Kf4 Rc7 52.Rd8 Rc1 53.Kg5 Ke4 54.e6 fxe6 55.fxe6 Rc5+ 56.Kf6 Rf5+ 57.Kg6 Re5
58.Kf6 Rf5+  1/2-1/2

[Event "JUG-chT"]
[Site "Cetinje"]
[Date "1993.??.??"]
[Round "?"]
[White "Solak, Dragan"]
[Black "Sparic, Nebojsa"]
[Result "0-1"]
[WhiteElo "2195"]
[BlackElo "2245"]

1.e4 e6 2.d4 d5 3.Nc3 Bb4 4.e5 Ne7 5.a3 Bxc3+ 6.bxc3 c5 7.Qg4 O-O 8.Bd3 Nbc6
9.Nf3 f5 10.exf6 Rxf6 11.Bg5 Rf7 12.Qh4 h6 13.Bxe7 Qxe7 14.Qxe7 Rxe7 15.Ne5 Nxe5
16.dxe5 Bd7 17.Kd2 Ba4 18.Bg6 Rd8 19.Rab1 Bc6 20.f3 Red7 21.Rhd1 Kf8 22.Ke2 Ke7
23.g3 b5 24.f4 a5 25.Bd3 Rb7 26.Ke3 d4+ 27.cxd4 Rxd4 28.Be2 Ra4 29.Ra1 Bd5
30.Rdb1 b4 31.axb4 Rxa1 32.Rxa1 axb4 33.Bd3 Kd7 34.g4 c4 35.Be2 b3 36.Rb1 Kc6
37.cxb3 cxb3 38.Bf3 Bxf3 39.Kxf3 Kc5 40.h4 Kd4 41.Rd1+ Kc3 42.f5 b2 43.fxe6 b1=Q
44.Rxb1 Rxb1 45.Ke4 Rb7 46.Kd5 Rb5+ 47.Ke4 Kc4 48.e7 Rb8 49.Kf5 Kd5 50.Kg6 Kxe5
51.Kxg7 Ke6 52.Kxh6 Kf7 53.h5 Rh8+ 54.Kg5 Kxe7 55.h6 Kf7 56.Kh5 Ra8  0-1

[Event "JUG-chT"]
[Site "Cetinje"]
[Date "1993.??.??"]
[Round "?"]
[White "Brenjo, Slavisa"]
[Black "Sparic, Nebojsa"]
[Result "1/2-1/2"]
[WhiteElo "2425"]
[BlackElo "2245"]

1.e4 e6 2.d4 d5 3.Nc3 Bb4 4.e5 Ne7 5.Bd2 Bd7 6.Nf3 c5 7.dxc5 Bxc5 8.Bd3 Nbc6
9.O-O Ng6 10.Qe2 Qc7 11.Rae1 a6 12.Kh1 O-O-O 13.a3 f6 14.b4 Nd4 15.Nxd4 Bxd4
16.Nxd5 exd5 17.e6 Bb5 18.e7 Rde8 19.Qg4+ Kb8 20.Qxd4 Bxd3 21.cxd3 Ne5 22.Bf4 Rxe7
23.Qxd5 Rd8 24.Qe4 g5 25.Bg3 Qb6 26.f4 gxf4 27.Qxf4 Ka8 28.Qxf6 Qxf6 29.Rxf6 Rxd3
30.Rf5 Nc6 31.Rf8+ Ka7 32.Bf2+ b6 33.Rxe7+ Nxe7 34.h3 Nd5 35.Rf7+ Kb8 36.a4 h6
37.Kh2 b5 38.axb5 axb5 39.Bg3+ Kc8 40.Bf2 Nxb4  1/2-1/2

[Event "Ceuta-B"]
[Site "Ceuta"]
[Date "1993.??.??"]
[Round "2"]
[White "Pareja Perez, Juan F"]
[Black "Matamoros Franco, Carlos S"]
[Result "1/2-1/2"]
[WhiteElo "2080"]
[BlackElo "2410"]

1.e4 e6 2.d4 d5 3.Nc3 Bb4 4.e5 Ne7 5.Qg4 c5 6.a3 Bxc3+ 7.bxc3 Qc7 8.Qxg7 Rg8
9.Qxh7 cxd4 10.Kd1 Nbc6 11.Nf3 dxc3 12.Ng5 Nxe5 13.f4 f6 14.fxe5 fxg5 15.Qh5+ Kd8
16.Bxg5 Qc5 17.Bd3 Bd7 18.Qh4 Rxg5 19.Qxg5 Kc7 20.Qf4 d4 21.Re1 Nd5 22.Qg3 Rf8
23.h4 Ne3+ 24.Kc1 Kb8 25.Qg6 Qxe5 26.g3 Bb5 27.Rb1 Bxd3 28.cxd3 Qd5 29.Qg7 Rd8
30.Qe7 Rd7 31.Qe8+ Rd8 32.Qe7 Rd7 33.Qe8+ Rd8 34.Qe7  1/2-1/2

[Event "Ceuta-B"]
[Site "Ceuta"]
[Date "1993.??.??"]
[Round "5"]
[White "Lalic, Susan"]
[Black "Matamoros Franco, Carlos S"]
[Result "1/2-1/2"]
[WhiteElo "2335"]
[BlackElo "2410"]

1.e4 e6 2.d4 d5 3.Nc3 Bb4 4.e5 Ne7 5.Qg4 c5 6.Nf3 cxd4 7.Nxd4 O-O 8.Bd3 Ng6
9.Bxg6 fxg6 10.O-O Be7 11.Nce2 Nc6 12.f4 Qb6 13.c3 Nxd4 14.Nxd4 Bc5 15.Rd1 Bd7
16.Kh1 Rac8 17.Qe2 g5 18.g3 Ba4 19.Rd3 Be8 20.Be3 Bg6 21.Rd2 Be4+ 22.Kg1 gxf4
23.gxf4 a5 24.h3 Rf7  1/2-1/2

[Event "Cherepovets"]
[Site "Cherepovets"]
[Date "1993.??.??"]
[Round "?"]
[White "Zhelnin, Vladimir V"]
[Black "Zarubin, Pavel"]
[Result "1-0"]
[WhiteElo "2430"]
[BlackElo "2415"]

1.e4 e6 2.d4 d5 3.Nc3 Bb4 4.e5 Ne7 5.Bd2 Nf5 6.a3 Be7 7.Nf3 Nc6 8.Bb5 Bd7
9.Bc1 a6 10.Be2 h5 11.h3 h4 12.O-O Na7 13.Re1 Nb5 14.Na2 c5 15.dxc5 Bxc5
16.Bd3 Qb6 17.Qd2 a5 18.c3 a4 19.Qc2 Nc7 20.Nb4 g6 21.Bg5 Be7 22.Qd2 Qc5
23.Rad1 Bb5 24.Bb1 Bc4 25.Qf4 Bxg5 26.Qxg5 Qe7 27.Bxf5 Qxg5 28.Nxg5 gxf5
29.Rd4 Nb5 30.Rf4 Ke7 31.Nf3 Rac8 32.Nxh4 Rcg8 33.Kh2 f6 34.Nf3 Rg4 35.Rxg4 fxg4
36.exf6+ Kxf6 37.Ne5 gxh3 38.gxh3 Nd6 39.Ng4+ Ke7 40.Nc2 Bd3 41.Nd4 Bf5 42.f3 Kf7
43.Kg3 Rg8 44.Kf4 Rh8 45.Ne5+ Kf6 46.Nd7+ Kf7 47.Nc5 Rh4+ 48.Kg5 Rxh3 49.Nxa4 Rg3+
50.Kf4 Rg2 51.b3 Rg6 52.Nc5 Rh6 53.a4 Ke7 54.Nxb7 Rf6 55.Nxd6 Kxd6 56.Nb5+ Kd7
57.Ke5 Rh6 58.Rg1 Rh7 59.Nd4 Bh3 60.Rg5 Ke7 61.a5  1-0

[Event "Clichy"]
[Site "Clichy"]
[Date "1993.??.??"]
[Round "2"]
[White "Renet, Olivier"]
[Black "Apicella, Manuel"]
[Result "1-0"]
[WhiteElo "2535"]
[BlackElo "2495"]

1.e4 e6 2.d4 d5 3.Nc3 Bb4 4.e5 Ne7 5.a3 Bxc3+ 6.bxc3 b6 7.Qg4 Ng6 8.h4 h5
9.Qd1 Ba6 10.Bxa6 Nxa6 11.Bg5 Qc8 12.Ne2 c5 13.O-O cxd4 14.cxd4 Qc4 15.Ng3 Nb8
16.f4 Ne7 17.Bxe7 Kxe7 18.f5 Nc6 19.Ne2 Raf8 20.Qd2 Kd7 21.c3 Ne7 22.Ng3 g6
23.fxe6+ fxe6 24.Rf6 Rc8 25.Ne2 Rh7 26.Raf1 Nf5 27.Nf4 Ng3 28.Re1 Ne4 29.Rxe4 dxe4
30.Qe3 Qxc3 31.Qxe4 Qg3 32.Ne2 Qg4 33.Rf4  1-0

[Event "Clichy"]
[Site "Clichy"]
[Date "1993.??.??"]
[Round "3"]
[White "Apicella, Manuel"]
[Black "Lamoureux, Charles"]
[Result "1-0"]
[WhiteElo "2495"]
[BlackElo "2345"]

1.e4 e6 2.d4 d5 3.Nc3 Bb4 4.e5 Ne7 5.a3 Bxc3+ 6.bxc3 c5 7.Qg4 Qc7 8.Bd3 c4
9.Be2 Nf5 10.Qh3 Bd7 11.g4 Ne7 12.Bd1 Nbc6 13.Ne2 O-O-O 14.Ng3 f6 15.f4 Qb6
16.Rf1 Rdf8 17.Ne2 Rf7 18.a4 Rhf8 19.exf6 gxf6 20.Qe3 Qc7 21.Ba3 h5 22.Ng3 hxg4
23.Bxg4 Rh7 24.Rf2 Rfh8 25.Bxe6 Rxh2 26.Rxh2 Rxh2 27.O-O-O Kb8 28.Bxd7 Qxd7
29.Re1 Nc8 30.Qe6 Qd8 31.Nf5 a6 32.Nd6 Rh7 33.Nxc8 Qxc8 34.Bd6+ Ka7 35.Qxc8  1-0